Rescaldo político / (Record no. 1409)

MARC details
000 -LÍDER
Campo Fixo de Controle 00540nam a2200193 a 4500
001 - NÚMERO DE CONTROLE
Campo de Controle 1409
003 - IDENTIFICAÇÃO DO NÚMERO DE CONTROLE
Campo de Controle BR-CuiBMT
005 - DATA E HORA DA ÚLTIMA ATUALIZAÇÃO
Campo de Controle 20231207135338.0
008 - DADOS FIXOS
Dados Fixos 231206s2000 mtb 000 0 por d
040 ## - AGÊNCIA CATALOGADORA
Código da Agência Catalogadora BR-CuiBMT
Agência que transcreveu o registro BR-CuiBMT
080 ## - Nº DA CLASSIFICAÇÃO DECIMAL UNIVERSAL
Nº Class. CDU 94
Subd. Auxiliar Comum (817.2)
Nº edição CDU 2007
090 ## - NÚMERO DE CHAMADA
Nº classificação 94(817.2)
Cutter M691r
100 10 - ENTRADA PRINCIPAL -- AUTOR PESSOAL
Nome pessoal Modesto, Armando Santana
Datas associadas ao nome 1927-2006
245 10 - TÍTULO PRINCIPAL
Título principal Rescaldo político /
Indicação de responsabilidade Armando Santana Modesto.
260 ## - PUBLICAÇÃO, DISTRIBUIÇÃO, ETC.
Local de publicação Cuiabá :
Editora s.n.
Data [200-].
300 ## - DESCRIÇÃO FÍSICA
N. páginas ou volumes 45 p. ;
Dimensões 22 cm
650 ## - ASSUNTO TÓPICO
Cabeçalho tópico ou nome geográfico Política matogrossense
Subdivisão geral História
942 ## - ELEMENTOS DE ENTRADA ADICIONAIS (KOHA)
Fonte de classificação ou esquema de arquivamento Classificação Decimal Universal
Tipo de item do Koha Livros
Holdings
Estado: removido Estado: perdido Fonte de classificação ou esquema de arquivamento Estado: danificado Indisponível para empréstimo Localização permanente Localização atual Data de aquisição Total Checkouts Número de Chamada completo Código de barras Date last seen Número do exemplar Preço efetivo a partir de Tipo de item (Koha)
    Classificação Decimal Universal     Biblioteca da Escola Superior de Contas do TCE/MT Biblioteca da Escola Superior de Contas do TCE/MT 06/12/2023   94(817.2) M691r BIBTCEMT23120292 06/12/2023 Ex. 1 06/12/2023 Livros
    Classificação Decimal Universal     Biblioteca da Escola Superior de Contas do TCE/MT Biblioteca da Escola Superior de Contas do TCE/MT 06/12/2023   94(817.2) M691r BIBTCEMT23120625 15/12/2023 Ex. 2 06/12/2023 Livros
    Classificação Decimal Universal     Biblioteca da Escola Superior de Contas do TCE/MT Biblioteca da Escola Superior de Contas do TCE/MT 06/12/2023   94(817.2) M691r BIBTCEMT23120626 15/12/2023 Ex. 3 06/12/2023 Livros

Powered by Koha